Risk, environment and modernity : towards a new ecology
Αποθηκεύτηκε σε:
| Άλλοι συγγραφείς: | , , |
|---|---|
| Μορφή: | Βιβλίο |
| Γλώσσα: | English |
| Δημοσίευση: |
London :
Sage Publications,
1998.
|
| Σειρά: | Theory, culture & society
|
| Θέματα: | |
| Ετικέτες: |
Προσθήκη ετικέτας
Δεν υπάρχουν, Καταχωρήστε ετικέτα πρώτοι!
|
MARC
| LEADER | 00000cam a2200000 i 4500 | ||
|---|---|---|---|
| 001 | 1/135 | ||
| 008 | 000403s1998 enk| ||| |||| ||eng|| | ||
| 020 | |a 080397938X | ||
| 035 | |l 10059550 | ||
| 040 | |a GR-MyUa |b gre |e AACR2 | ||
| 041 | 0 | |a eng | |
| 082 | 7 | |a 363.7 |2 (22) | |
| 245 | 0 | 0 | |a Risk, environment and modernity : |b towards a new ecology / |c edited by Scott Lash, Bronislaw Szerszynski and Brian Wynne. |
| 260 | |a London : |b Sage Publications, |c 1998. | ||
| 300 | |a 294 σ. ; |c 25 εκ. | ||
| 490 | 1 | |a (Theory, culture & society) | |
| 504 | |a Περιλαμβάνει βιβλιογραφικές παραπομπές και ευρετήριο. | ||
| 650 | 0 | |a Environmental policy. | |
| 650 | 0 | |a Environmental risk assessment. | |
| 700 | 1 | |a Lash, Scott, |e edt | |
| 700 | 1 | |a Szerszynski, Bronislaw, |e edt | |
| 700 | 1 | |a Wynne, Brian, |d 1947- |e edt | |
| 830 | 0 | |a Theory, culture & society | |
| 852 | |a INST |b LESVOS |e 20000403 |h 363.7 RIS |p 005100020315 |q 005100020315 |t BK |y 0 | ||
| 901 | |a BIBL1-2000-1 | ||
| 922 | |a 1ΕΛΗ |b 200003 |c ΚΠΣ/ΤΓ |d LEADER | ||
| 950 | |a 118-1999-09-20 | ||
| 970 | |a ΜΟΥΣΤΑΚΑ |b ΠΗΝΕΛΟΠΗ |z 2000/04/07 | ||